00338nam a22001217a 4500020001800000040000900018082001400027100001900041245006400060250001900124260004800143650002500191 a9780824753801 cNUST a620.3 BEN aBenaroya, Haym aMechanical Vibration:bAnalysis, Uncertainties, and Control aSecond Edition aNew York:b Marcel Dekker, New York,c2004. aMechanical Vibration